Management advisory services : for business planning, control and decision / (Record no. 18181)
[ view plain ]
| 000 -LEADER | |
|---|---|
| fixed length control field | 00577nam a22002057a 4500 |
| 003 - CONTROL NUMBER IDENTIFIER | |
| control field | OSt |
| 005 - DATE AND TIME OF LATEST TRANSACTION | |
| control field | 20140310183007.0 |
| 008 - FIXED-LENGTH DATA ELEMENTS--GENERAL INFORMATION | |
| fixed length control field | 130211t xxu||||| |||| 00| 0 eng d |
| 020 ## - INTERNATIONAL STANDARD BOOK NUMBER | |
| International Standard Book Number | 9710867938 |
| 050 ## - LIBRARY OF CONGRESS CALL NUMBER | |
| Classification number | HF 5661 |
| Item number | .H367 2008 |
| 100 ## - MAIN ENTRY--PERSONAL NAME | |
| Personal name | Harina, Ricardo M. |
| 245 ## - TITLE STATEMENT | |
| Title | Management advisory services : for business planning, control and decision / |
| Statement of responsibility, etc | Ricardo M. Harina. |
| 260 ## - PUBLICATION, DISTRIBUTION, ETC. (IMPRINT) | |
| Place of publication, distribution, etc | Mandaluyong City : |
| Name of publisher, distributor, etc | National Book Store, |
| Date of publication, distribution, etc | 2008. |
| 300 ## - PHYSICAL DESCRIPTION | |
| Extent | 514 p. : |
| Dimensions | 26 cm. |
| 521 ## - TARGET AUDIENCE NOTE | |
| Target audience note | |
| 562 ## - COPY AND VERSION IDENTIFICATION NOTE | |
| Number of copies | 2 |
| 942 ## - ADDED ENTRY ELEMENTS (KOHA) | |
| Source of classification or shelving scheme | Library of Congress Classification |
| Koha item type | Books |
| Call number prefix | Local |
| Withdrawn status | Lost status | Source of classification or shelving scheme | Damaged status | Home library | Current library | Shelving location | Date acquired | Source of acquisition | Total Checkouts | Total Renewals | Full call number | Barcode | Date last seen | Date checked out | Copy number | Price effective from | Koha item type | Cost, normal purchase price |
|---|---|---|---|---|---|---|---|---|---|---|---|---|---|---|---|---|---|---|
| Library of Congress Classification | College Library | College Library | Filipiniana Section | 02/11/2013 | Library Fund | 2 | 4 | HF 5661 .H367 2008 | C12178 | 05/31/2023 | 05/05/2023 | 1 | 02/11/2013 | Books | ||||
| Library of Congress Classification | College Library | College Library | Filipiniana Section | 10/04/2011 | Library Fund | 4 | HF 5661 .H367 2008 | C12179 | 04/25/2023 | 04/22/2023 | 1 | 10/18/2013 | Books | 495.00 |